[Event "MAD olympic qual (Women)"]
[Site "Antananarivo"]
[Date "2022.05.22"]
[Round "6"]
[White "Rajaoarimanana, Soahery Huberticia"]
[Black "Razafindrabe, Bakoly"]
[Result "0-1"]
[WhiteElo "1289"]
[BlackElo "1203"]
[PlyCount "96"]
[EventDate "2022.05.21"]
[EventType "tourn"]
[EventRounds "6"]
[EventCountry "MAD"]
[SourceTitle "EXT 2023"]
[Source "ChessBase"]
[SourceDate "2022.10.05"]
[SourceVersion "1"]
[SourceVersionDate "2022.10.05"]
[SourceQuality "1"]

1. e4 e5 2. Nf3 Nc6 3. c3 Nf6 4. d4 exd4 5. cxd4 Bb4+ 6. Bd2 Nxe4 7. d5 Bxd2+ 8. Nfxd2 Nxd2 9. Qxd2 Qe7+ 10. Be2 Nd8 11. 0-0 0-0 12. Nc3 d6 13. Rfe1 Qd7 14. h3 c6 15. Bg4 f5 16. Bf3 Nf7 17. Re2 a6 18. Rae1 Ne5 19. Qe3 c5 20. Bh5 f4 21. Qe4 Qf5 22. a3 Qxh5 23. Na4 Bf5 24. Qxf4 Bd3 25. Rxe5 dxe5 26. Qe3 c4 27. Nc5 e4 28. Qd4 Qg6 29. Ne6 Rf6 30. Qb6 Rf7 31. Qc5 Re8 32. Nc7 Rc8 33. d6 Rd7 34. Qd5+ Qf7 35. Qxb7 Rdxc7 36. dxc7 Qxc7 37. Qxa6 c3 38. Qe6+ Kh8 39. Rc1 c2 40. b4 Rf8 41. g3 Qa7 42. Qd6 Qxf2+ 43. Kh1 Be2 44. Qxf8+ Qxf8 45. Kg1 Qf3 46. Rxc2 Qxg3+ 47. Kh1 Bf3+ 48. Rg2 Qxg2# 0-1

[Event "MAD olympic qual (Women)"]
[Site "Antananarivo"]
[Date "2022.05.22"]
[Round "5"]
[White "Rakotoniaina, Tiana Johanna"]
[Black "Rajaoarimanana, Soahery Huberticia"]
[Result "0-1"]
[WhiteElo "1509"]
[BlackElo "1289"]
[PlyCount "146"]
[EventDate "2022.05.21"]
[EventType "tourn"]
[EventRounds "6"]
[EventCountry "MAD"]
[SourceTitle "EXT 2023"]
[Source "ChessBase"]
[SourceDate "2022.10.05"]
[SourceVersion "1"]
[SourceVersionDate "2022.10.05"]
[SourceQuality "1"]

1. e4 e5 2. Nf3 Nf6 3. Nc3 Nc6 4. Bc4 Bb4 5. 0-0 0-0 6. d3 d6 7. h3 h6 8. Ne2 d5 9. exd5 Nxd5 10. c3 Bc5 11. b4 Bb6 12. a4 a6 13. Bb2 Be6 14. Ng3 Nf4 15. Bxe6 fxe6 16. d4 e4 17. Nxe4 Qd5 18. Ng3 Nxh3+ 19. gxh3 Rxf3 20. Qe2 e5 21. c4 Qf7 22. c5 Ba7 23. dxe5 Re8 24. Rae1 Rf8 25. e6 Qf4 26. e7 Re8 27. Kg2 Rb3 28. Bxg7 Rxb4 29. Qh5 Qf7 30. Bxh6 Qxh5 31. Nxh5 Kf7 32. Be3 Rxa4 33. Rb1 Rb4 34. Ng3 b6 35. cxb6 Bxb6 36. Rxb4 Nxb4 37. Bxb6 cxb6 38. Rb1 a5 39. Nf5 Kf6 40. Nh6 Kxe7 41. f4 Kf6 42. Ng4+ Kf5 43. Kf3 b5 44. h4 Rh8 45. Ne3+ Ke6 46. Kg4 Rg8+ 47. Kf3 Rb8 48. Ke4 Nc6 49. f5+ Kf7 50. Nd5 Re8+ 51. Kf4 b4 52. h5 Nd4 53. h6 b3 54. h7 a4 55. Rh1 b2 56. Nc3 a3 57. Na2 Rc8 58. Ke5 Nc6+ 59. Ke4 Ne7 60. Ke5 Nc6+ 61. Kd6 Ne7 62. f6 Ng6 63. Kd7 Rb8 64. Nc3 a2 65. Nd5 a1Q 66. h8Q Nxh8 67. Rh7+ Kg6 68. Rg7+ Kf5 69. f7 Qa4+ 70. Kd6 Qa6+ 71. Kd7 Rb7+ 72. Nc7 Qe6+ 73. Kd8 Rb8# 0-1